LEADER 04802cas a2200805 a 4500
001 c000183918
003 CARM
005 20181214080159.0
008 960219c19509999gw xzp 0 u0eng|d
010 |a 54034682 
019 1 |a 4466054  |z 929918  |5 LACONCORD2021 
022 |a 0077-7757 
030 |a NJMIAK 
035 |a (OCoLC)1639266  |5 LACONCORD2021 
040 |a NS:ER  |b eng  |c VCAV 
041 0 |a engger 
082 0 4 |a 549.05  |2 23 
210 0 |a Neues Jahrb. Mineral., Abh 
222 0 |a Neues Jahrbuch für Mineralogie. Abhandlungen 
245 0 0 |a Neues Jahrbuch fur Mineralogie.  |p Abhandlungen. 
260 |a Stuttgart :  |b Schweizerbart,  |c 1950-. 
300 |a v.  |b ill. ;  |c 24 cm. 
310 |a Irregular 
362 0 |a Vol. 81, no. 1 (1950)- 
506 |a Restricted to licensed organisations with registered IP address. 
530 |a Available also by subscription via the World Wide Web. 
538 |a Available online via Internet: http://www.catchword.com/rpsv/cw/schweiz/00777757/contp1.htm 
538 |a System requirements: Internet connectivity, World Wide Web browser. 
546 |a Text in English, German 
650 0 |a Mineralogy  |v Periodicals. 
780 0 5 |t Neues Jahrbuch für Mineralogie. Monatshefte  |x 0028-3649  |w (DLC) 54034685  |w (OCoLC)1640414  |g 2005 
780 0 0 |t Neues Jahrbuch fur Mineralogie, Geologie und Palaontologie. Abhandlungen: Abt. A 
856 4 1 |u http://www.catchword.com/rpsv/cw/schweiz/00777757/contp1.htm 
856 4 1 |u http://www.ingentaselect.com/rpsv/cw/schweiz/00777757/contp1.htm 
856 |u http://0-www.ingentaselect.com.opac.library.usyd.edu.au/rpsv/cw/schweiz/00777757/contp1.htm  |z Neues Jahrbuch fur Mineralogie. Abhandlungen, v. 177 (2002)- Ingenta Select 
852 8 |b CARM  |i F10485  |p 0649923  |j 185:1(2008)-191:3(2014)  |f SE 
852 8 |b CARM  |i F10482  |p 0649924  |j 181:1(2005)-184:3(2008)  |f SE 
852 8 |b CARM  |i B12570  |p 0310851  |j 93:3(1961),163:1(1991)-179:3(2004),180:2(2004)-180:3(2004)  |f SE 
852 8 |b CARM  |h A2:AM19G0  |i C06659  |p 0249547  |j 153-155(1985/86)  |f SE 
852 8 |b CARM  |h A2:AK33B0  |i B05486  |p 0249549  |j 131/132(1977/78)-151/152(1985)  |f SE 
852 8 |b CARM  |h A2:AM31G0  |i C06681  |p 0256605  |j 156(1986)-162(1990)  |f SE 
852 8 |b CARM  |h A2:AK35B0  |i B05492  |p 0256635  |j 114:1(1970:12),121(1974)-130(1977)  |f SE 
852 8 |b CARM  |i B12629  |p 0650217  |j 94:1(1960)-94:3(1960),112:1(1969)-113:3(1970)  |f SE 
852 8 |b CARM  |i C13309  |p 0649825  |j 96:1(1961)-97:2(1961),98:1(1962)-111:3(1969)  |f SE 
852 8 |b SCAN  |h A3:AH21B0  |i B12570  |p 0310851  |f SE 
852 8 |b SCAN  |h A3:AH36B0  |i B12629  |p 0650217  |f SE 
852 8 |b SCAN  |h A3:AP21B0  |i F10485  |p 0649923  |f SE 
852 8 |b SCAN  |h A3:AP25B0  |i F10482  |p 0649924  |f SE 
852 8 |b SCAN  |h A3:AP38F0  |i C13309  |p 0649825  |f SE 
852 8 |b SCAN  |h A3:AH21B0  |i B12570  |p 0310851  |f SE 
852 8 |b SCAN  |h A3:AH36B0  |i B12629  |p 0650217  |f SE 
852 8 |b SCAN  |h A3:AP21B0  |i F10485  |p 0649923  |f SE 
852 8 |b SCAN  |h A3:AP25B0  |i F10482  |p 0649924  |f SE 
852 8 |b SCAN  |h A3:AP38F0  |i C13309  |p 0649825  |f SE 
866 0 |a 93:3(1961)-191:3(2014) Inc. 
999 f f |i c9dca276-309a-5015-bbb0-a9b01bf74fd2  |s bb2484c1-fa20-5f61-ac37-55615ff8dac3 
952 f f |p Can circulate  |a CAVAL  |b CAVAL  |c CAVAL  |d CARM 1 Store  |e C06659  |f A2:AM19G0  |h Other scheme  |i book  |k 153-155(1985/86)  |m 0249547 
952 f f |p Can circulate  |a CAVAL  |b CAVAL  |c CAVAL  |d CARM 1 Store  |e B05486  |f A2:AK33B0  |h Other scheme  |i book  |k 131/132(1977/78)-151/152(1985)  |m 0249549 
952 f f |p Can circulate  |a CAVAL  |b CAVAL  |c CAVAL  |d CARM 1 Store  |e F10485  |h Other scheme  |i book  |k 185:1(2008)-191:3(2014)  |m 0649923 
952 f f |p Can circulate  |a CAVAL  |b CAVAL  |c CAVAL  |d CARM 1 Store  |e B12629  |h Other scheme  |i book  |k 94:1(1960)-94:3(1960),112:1(1969)-113:3(1970)  |m 0650217 
952 f f |p Can circulate  |a CAVAL  |b CAVAL  |c CAVAL  |d CARM 1 Store  |e C13309  |h Other scheme  |i book  |k 96:1(1961)-97:2(1961),98:1(1962)-111:3(1969)  |m 0649825 
952 f f |p Can circulate  |a CAVAL  |b CAVAL  |c CAVAL  |d CARM 1 Store  |e B12570  |h Other scheme  |i book  |k 93:3(1961),163:1(1991)-179:3(2004),180:2(2004)-180:3(2004)  |m 0310851 
952 f f |p Can circulate  |a CAVAL  |b CAVAL  |c CAVAL  |d CARM 1 Store  |e B05492  |f A2:AK35B0  |h Other scheme  |i book  |k 114:1(1970:12),121(1974)-130(1977)  |m 0256635 
952 f f |p Can circulate  |a CAVAL  |b CAVAL  |c CAVAL  |d CARM 1 Store  |e C06681  |f A2:AM31G0  |h Other scheme  |i book  |k 156(1986)-162(1990)  |m 0256605 
952 f f |p Can circulate  |a CAVAL  |b CAVAL  |c CAVAL  |d CARM 1 Store  |e F10482  |h Other scheme  |i book  |k 181:1(2005)-184:3(2008)  |m 0649924 
952 f f |a CAVAL  |b CAVAL  |c CAVAL  |d Unmapped Location  |e F10485  |f A3:AP21B0  |h Other scheme 
952 f f |a CAVAL  |b CAVAL  |c CAVAL  |d Unmapped Location  |e B12570  |f A3:AH21B0  |h Other scheme 
952 f f |a CAVAL  |b CAVAL  |c CAVAL  |d Unmapped Location  |e F10482  |f A3:AP25B0  |h Other scheme 
952 f f |a CAVAL  |b CAVAL  |c CAVAL  |d Unmapped Location  |e C13309  |f A3:AP38F0  |h Other scheme 
952 f f |a CAVAL  |b CAVAL  |c CAVAL  |d Unmapped Location  |e B12629  |f A3:AH36B0  |h Other scheme